U.S. States with River Borders - Sudden Death - Statistics

General Stats
  • This quiz has been taken 443 times
  • The average score is 17 of 45
Answers on the Grid
Answers color-coded by a green-red scale on the quiz's grid according to % correct below.
Alabama
Alaska
Arizona
Arkansas
California
Colorado
Connecticut
Delaware
Florida
Georgia
Hawaii
Idaho
Illinois
Indiana
Iowa
Kansas
Kentucky
Louisiana
Maine
Maryland
Massachusetts
Michigan
Minnesota
Mississippi
Missouri
Montana
Nebraska
Nevada
New Hampshire
New Jersey
New Mexico
New York
North Carolina
North Dakota
Ohio
Oklahoma
Oregon
Pennsylvania
Rhode Island
South Carolina
South Dakota
Tennessee
Texas
Utah
Vermont
Virginia
Washington
West Virginia
Wisconsin
Wyoming
 
Answer Stats
Answer % Correct
Illinois
63%
Arkansas
62%
Missouri
61%
Mississippi
59%
Alabama
57%
Kentucky
56%
California
53%
Indiana
53%
Iowa
49%
Louisiana
49%
Texas
49%
Ohio
48%
Arizona
45%
Minnesota
43%
Georgia
40%
New York
40%
Tennessee
40%
Delaware
39%
Virginia
39%
Kansas
38%
Maryland
37%
Idaho
36%
Oregon
36%
West Virginia
36%
Florida
35%
Wisconsin
35%
New Jersey
34%
Pennsylvania
33%
Washington
33%
Alaska
31%
Nebraska
31%
Oklahoma
31%
Michigan
30%
South Carolina
28%
Vermont
28%
Connecticut
27%
New Hampshire
27%
North Dakota
27%
Massachusetts
26%
South Dakota
25%
Maine
23%
North Carolina
22%
Nevada
19%
New Mexico
16%
Rhode Island
15%
No matching quizzes found
Score Distribution
Percent of People with Each Score
Percentile by Number Answered
Your Score History
You have not taken this quiz